[Event "FRA-ch op-A"]
[Site "Aix les Bains"]
[Date "2007.08.24"]
[Round "10"]
[White "Perruchaud, Francois"]
[Black "Clement, Paul"]
[Result "0-1"]
[WhiteElo "2097"]
[BlackElo "2046"]
[PlyCount "124"]
[EventDate "2007.08.13"]
[EventType "swiss"]
[EventRounds "11"]
[EventCountry "FRA"]
[SourceTitle "CBM 120 Extra"]
[Source "ChessBase"]
[SourceDate "2007.11.01"]
[SourceVersion "1"]
[SourceVersionDate "2007.11.01"]
[SourceQuality "1"]

1. d4 e6 2. Nf3 d5 3. c4 c6 4. g3 Nf6 5. Bg2 Be7 6. 0-0 0-0 7. b3 Nbd7 8. Nbd2 dxc4 9. Nxc4 c5 10. Bb2 Rb8 11. Nce5 Nxe5 12. Nxe5 Nd7 13. Nxd7 Qxd7 14. dxc5 Qxd1 15. Rfxd1 Bxc5 16. Rac1 Be7 17. Be5 Ra8 18. Bc7 a5 19. a4 Re8 20. e3 Bb4 21. Bd6 Bxd6 22. Rxd6 Kf8 23. Rc7 Rb8 24. Rc5 Ra8 25. Rb6 Re7 26. Rh5 Rc7 27. Rbb5 Rc1+ 28. Bf1 b6 29. Rxb6 g6 30. Re5 f6 31. Reb5 Bd7 32. Rb8+ Rxb8 33. Rxb8+ Ke7 34. f3 Rb1 35. Ra8 e5 36. Kf2 Rb2+ 37. Be2 e4 38. Rxa5 exf3 39. Kxf3 Bc6+ 40. Kf2 Be4 41. Ke1 Rb1+ 42. Kd2 Rxb3 43. Ra7+ Kd6 44. Bc4 Rb2+ 45. Kc3 Rxh2 46. Bg8 h5 47. Ra6+ Ke5 48. Ra5+ Kd6 49. Kd4 Bc6 50. Ra6 h4 51. gxh4 Rxh4+ 52. Kd3 Rxa4 53. Rb6 g5 54. Bf7 Ra3+ 55. Ke2 Kc5 56. Rb1 Be4 57. Rc1+ Kd6 58. Kf2 Ra5 59. Rc8 Rf5+ 60. Ke2 Bf3+ 61. Ke1 g4 62. Rg8 Rc5 0-1

[Event "Loire-ch Top20 0405"]
[Site "Loire"]
[Date "2005.01.22"]
[Round "5"]
[White "Massard, Christian"]
[Black "Clement, Paul"]
[Result "1/2-1/2"]
[WhiteElo "1780"]
[BlackElo "2001"]
[PlyCount "41"]
[EventDate "2004.09.25"]
[EventType "swiss"]
[EventRounds "9"]
[EventCountry "FRA"]
[SourceTitle "EXT 2008"]
[Source "ChessBase"]
[SourceDate "2007.11.25"]
[SourceVersion "1"]
[SourceVersionDate "2007.11.25"]
[SourceQuality "1"]

1. d4 Nf6 2. c4 g6 3. Nc3 Bg7 4. e4 d6 5. Nf3 0-0 6. Be2 e5 7. d5 h6 8. 0-0 Ne8 9. Ne1 f5 10. f3 Nd7 11. Be3 f4 12. Bf2 Nef6 13. Nd3 Rf7 14. c5 Bf8 15. b4 g5 16. h3 h5 17. Rc1 Rg7 18. g4 b6 19. c6 a6 20. a4 Qe7 21. Kg2 1/2-1/2

[Event "Loire-ch Top20 0304"]
[Site "Loire"]
[Date "2004.01.10"]
[Round "5"]
[White "Adamus, Jeremy"]
[Black "Clement, Paul"]
[Result "1/2-1/2"]
[WhiteElo "1910"]
[BlackElo "1900"]
[PlyCount "56"]
[EventDate "2003.09.27"]
[EventType "swiss"]
[EventRounds "9"]
[EventCountry "FRA"]
[SourceTitle "EXT 2008"]
[Source "ChessBase"]
[SourceDate "2007.11.25"]
[SourceVersion "1"]
[SourceVersionDate "2007.11.25"]
[SourceQuality "1"]

1. d4 Nf6 2. c4 e5 3. dxe5 Ng4 4. Nf3 Nc6 5. Bg5 Be7 6. Bxe7 Qxe7 7. e3 Qb4+ 8. Qd2 Ngxe5 9. Nxe5 Qxd2+ 10. Nxd2 Nxe5 11. Be2 d6 12. 0-0 0-0 13. Rfd1 Be6 14. Rac1 Rad8 15. Nb3 c6 16. Nd4 d5 17. c5 Rfe8 18. a4 Nd7 19. b4 Nf8 20. b5 Bd7 21. Nb3 Re4 22. Rd4 Rde8 23. Rcd1 f5 24. Rxe4 Rxe4 25. Rd4 Ne6 26. Rxe4 fxe4 27. f3 exf3 28. gxf3 Kf7 1/2-1/2